000 00358nam a2200157Ia 4500
008 210210b1946 xxu||||| |||| 00| 0 eng d
041 _aeng
082 _a821/961
100 _aSHAW (Bernard)
245 _aDoctors Dilemma
260 _aUSA
_bPenguin Books
_c1946
650 _aDoctors
650 _aDilemma
690 _aEnglish Drama
906 _a012127
999 _c130879
_d130879